Vývojové prostredie a úlohy pre výuku REST-WS

Na minha lista:
Detalhes bibliográficos
Autor principal: Gura, Jakub (Author)
Outros Autores: Kossaczký, Igor (Thesis advisor)
Formato: Manuscrito Livro
Idioma:eslovaco
Publicado em: Bratislava : STU v Bratislave FEI, 2022
Assuntos:
Acesso em linha:https://opac.crzp.sk/?fn=detailBiblioFormChildS8VST&sid=378281AEB05FBF717837C9A6EBFA&seo=CRZP-detail-kniha
Tags: Adicionar Tag
Sem tags, seja o primeiro a adicionar uma tag!

MARC

LEADER 00000ntm a22000003a 4500
001 stuzp88329
003 SK-STU
005 20230323093547.9
007 ta
008 150427s2015----xo-----f-mn---000-0-slo-d
040 |a STU  |b slo 
041 0 |a slo 
044 |a xo 
100 1 |a Gura, Jakub  |u 035000  |4 aut  |U FEI Fakulta elektrotechniky a informatiky  |T FEI Ústav informatiky a matematiky  |X 102837  |U E050  |Y 816  |7 102837 
242 0 1 |a Development environment and exercises for REST-WS  |y eng 
245 1 0 |a Vývojové prostredie a úlohy pre výuku REST-WS 
260 |a Bratislava :  |b STU v Bratislave FEI,  |c 2022 
300 |a 47 s., príl. 
650 4 |a výukové cvičenia  |2 slo 
650 4 |a webové služby  |2 slo 
650 4 |a vývojové prostredie  |2 slo 
650 4 |a REST  |2 slo 
650 4 |a REST  |2 eng 
650 4 |a web services  |2 eng 
650 4 |a development environment  |2 eng 
650 4 |a teaching exercises  |2 eng 
700 1 |a Kossaczký, Igor  |u 035000  |k Z1  |4 ths  |U FEI Fakulta elektrotechniky a informatiky  |T FEI Ústav informatiky a matematiky  |X 61596  |U E050  |Y 816  |7 A000061596 
856 4 |u https://opac.crzp.sk/?fn=detailBiblioFormChildS8VST&sid=378281AEB05FBF717837C9A6EBFA&seo=CRZP-detail-kniha